Open lives : Safe schools : Addressing gay and lesbian issues in education
שמור ב:
| מחבר ראשי: | |
|---|---|
| פורמט: | ספר |
| שפה: | English |
| יצא לאור: |
Indiana, Estados Unidos :
Phi Delta Kappa Educational Foundation,
1996
|
| נושאים: | |
| תגים: |
הוספת תג
אין תגיות, היה/י הראשונ/ה לתייג את הרשומה!
|
MARC
| LEADER | 00000nam a2200000Ia 4500 | ||
|---|---|---|---|
| 008 | 150720b1996 u ||||| |||| 00| | eng d | ||
| 999 | |c 62 |d 62 | ||
| 020 | |a 0873674855 | ||
| 090 | |a 06.03.01 |b 419 | ||
| 100 | 1 | |a Walling, Donovan R. |9 393 | |
| 245 | 1 | 0 | |a Open lives : Safe schools : Addressing gay and lesbian issues in education |
| 260 | |a Indiana, Estados Unidos : |b Phi Delta Kappa Educational Foundation, |c 1996 | ||
| 300 | |a 283 páginas | ||
| 650 | 1 | 4 | |a SISTEMAS DE ENSEÑANZA |9 401 |
| 650 | 1 | 4 | |a HOMOSEXUALIDAD |9 402 |
| 650 | 1 | 4 | |a EDUCACIÓN INCLUSIVA |9 2 |
| 650 | 1 | 4 | |a HOMOFOBIA |9 403 |
| 650 | 1 | 4 | |a CURRÍCULO (EDUCACIÓN) |9 342 |
| 650 | 1 | 4 | |a FAMILIA |9 404 |
| 650 | 1 | 4 | |a PADRES |9 405 |
| 650 | 1 | 4 | |a ESTILOS DE VIDA |9 1765 |
| 942 | |i 00736 |h 06.03.01 419 |2 z |c 01 | ||



